[Event "ROM-ch U12 Boys"]
[Site "Voineasa"]
[Date "2008.04.16"]
[Round "7"]
[White "Leonte, Dan"]
[Black "Covaci, Mihai Florin"]
[Result "1-0"]
[WhiteElo "572"]
[BlackElo "520"]
[PlyCount "45"]
[EventDate "2008.04.08"]
[EventType "swiss"]
[EventRounds "9"]
[EventCountry "ROU"]
[SourceTitle "EXT 2013"]
[Source "ChessBase"]
[SourceDate "2012.11.22"]
[SourceVersion "1"]
[SourceVersionDate "2012.11.22"]
[SourceQuality "1"]

1. e4 e5 2. Nf3 Nc6 3. Bb5 Nf6 4. Nc3 Bb4 5. d3 Bxc3+ 6. bxc3 h6 7. Bxc6 dxc6 8. Nxe5 Qe7 9. Nf3 Bg4 10. 0-0 0-0-0 11. h3 Bh5 12. a4 Nxe4 13. Qe2 Qf6 14. dxe4 Qxc3 15. Ba3 Rhe8 16. Qe3 Qxc2 17. Qxa7 Bxf3 18. gxf3 Rd3 19. Qa8+ Kd7 20. Qxb7 Qxa4 21. Bd6 Qb5 22. Qxc7+ Ke6 23. Ra5 1-0